00350nam a2200157Ia 4500008004000000041000800040082001200048100001500060245002900075260004300104650001000147650000700157650000800164650001100172650000900183210210b1942 xxu||||| |||| 00| 0 eng d aeng a444/438 aCOOPER (N) aNew book of french verse aLondonbOxford University Pressc1942 averse aof aNew afrench abook